00803cam a22002537a 4500003000500000005001700005008004100022010001000063011001000073020001500083035001000098040000900108082002200117110000800139245015700147260002400304300001100328490004600339650004100385650003300426700002100459700002300480830004600503CHAP20220817043455.0980929d1997 it r 11 spa d a76241 a77213 a9253039426 a86816 cCHAP04a636.08bF3Y v.1342 aFAO10aTratamiento y utilización de residuos de origen animal, pesquero y alimenticio en la alimentación animalc/ed. por Vilda Figueroa y Manuel Sánchez aRoma :bFAO,c1997. a255 p. 0aFAO. Producción y sanidad animalv; 13414aAlimentos y alimentacion del ganado.14aResíduos de origen animal.0 aFigueroa, Vilda.0 aSánchez, Manuel. 0aFAO. Producción y sanidad animalv; 134